Dia pun pergi dan tidak kembali lagi

Bibliographic Details
Main Author: Tomi Jefri
Corporate Author: Title
Format: Book
Published: Kuala Lumpur : Penerbit Tetra Sinar , 2001
Series:Siri insan misali
Subjects:

MARC

LEADER 00000cam a2200000 7i4500
001 0000000456
005 20151222.0
008 070702
020 |a 9831111567 
090 0 0 |a JF   |b MAL 
100 0 |a Tomi Jefri 
245 1 0 |a Dia pun pergi dan tidak kembali lagi   |c Tomi Jefri 
260 |a Kuala Lumpur :   |b Penerbit Tetra Sinar ,   |c 2001 
440 |a Siri insan misali 
500 |a Children ages 10-12 years old (pink) 
650 0 |a Junior fiction   |x Malay   |x Languages 
710 0 |a Title 
999 |a 0000960564   |b Book   |c Children Collection   |e Cawangan Batu Pahat 
999 |a 0000960565   |b Book   |c Children Collection   |e Perbadanan Perpustakaan Awam Johor 
999 |a 0000960566   |b Book   |c Children Collection   |e Perbadanan Perpustakaan Awam Johor 
999 |a 0000960567   |b Book   |c Children Collection   |e Cawangan Taman Sri Lambak 
999 |a 0000960568   |b Book   |c Children Collection   |e Perbadanan Perpustakaan Awam Johor